Statistics for Largest U.S. Cities Beginning With F - 1950

Click here to take the quiz!

General Stats

  • This quiz has been taken 21 times
  • The average score is 10 of 20

Answer Stats

Pop.StateHintAnswer% Correct
278,778TexasDallas sister city known for its "cowboy" cultureFort Worth
100%
163,143MichiganSome say the tap water is still unsafe to drinkFlint
94%
38,256North DakotaRed River ValleyFargo
83%
133,607IndianaThe first professional baseball game was hosted hereFort Wayne
83%
91,669CaliforniaSan Joaquin ValleyFresno
83%
34,715North CarolinaFort BraggFayetteville
67%
36,328FloridaMiami suburb with a vibrant culture and nightlifeFort Lauderdale
67%
47,942ArkansasOn the border with OklahomaFort Smith
61%
22,513South CarolinaOnce a prominent railroad depotFlorence
39%
23,879AlabamaMuscle Shoals is a notable suburb of this cityFlorence
39%
29,936WisconsinLake WinnebagoFond du Lac
39%
29,346West VirginiaThe Pepperoni Roll was created hereFairmont
33%
111,963MassachusettsNamed for its location at the mouth of the Taunton riverFall River
33%
24,680New YorkVillage on Long IslandFreeport
28%
22,467IllinoisPecatonica RiverFreeport
28%
23,845OhioNorthwest OhioFindlay
22%
42,691MassachusettsNashua RiverFitchburg
22%
25,115IowaWebster CountyFort Dodge
17%
23,885New JerseyNYC suburbFair Lawn
6%
29,675MichiganDetroit suburbFerndale
6%

Score Distribution

Percentile by Number Answered

Percent of People with Each Score

Your Score History

You have not taken this quiz